| 000 | 00553nam a22001937a 4500 | ||
|---|---|---|---|
| 003 | KOHA_MİRAKIL | ||
| 005 | 20251218092841.0 | ||
| 008 | 251218b tu ||||| |||| 00| 0 tur d | ||
| 020 | _a9786258352979 | ||
| 040 |
_aTR-AnABB _btur _cTR-AnABB |
||
| 041 | _atur | ||
| 082 |
_a956.101503 _bUNA 2024 |
||
| 100 | 1 | _aÜnal, Mehmet Ali, | |
| 245 | 1 | 0 |
_aOsmanlı araştırmaları için kılavuz / _cProf. Dr. Mehmet Ali Ünal |
| 260 |
_aAnkara : _bTÜBA, _c2024 |
||
| 300 |
_a724 sayfa ; _c28 cm |
||
| 650 | 0 | 4 | _aOsmanlı Devleti |
| 942 |
_2ddc _cBK |
||
| 999 |
_c9747 _d9747 |
||
| 900 | _bGizem YORULMAZ | ||